00824cam a22002298a 450000100090000000300120000900500170002100800410003801000170007902000190009604000180011505000240013308200300015724501160018726000430030330000290034649000460037550400510042165000410047270000200051371000610053315988010Nust- CAS-E20180118181354.0091118s2010 flua b 001 0 eng  a 2009045645 a9781439806784  aDLCcDLCdDLC00aTK2931b.P7846 201000a621.31/2429222bPRO 201000aProton exchange membrane fuel cells :bcontamination and mitigation strategies /ceditors, Hui Li ... [et al.]. aBoca Raton :bTaylor & Francis,c2010. a417 p. :bill. ;c24 cm.0 aGreen chemistry and chemistry engineering aIncludes bibliographical references and index. 0aProton exchange membrane fuel cells.1 aLi, Hui,d1964-0 4Shanna Knights, Zheng Shi, John W. Van Zee, Jiujun Zhang